A homecare típusú betegápolás szerepe a családorvoslásban és az egészségügyben

Elmentve itt :
Bibliográfiai részletek
Szerző: Szabó Péter
További közreműködők: Halmos Miklósné Mészáros Magdolna (Témavezető)
Dokumentumtípus: Szakdolgozat
Megjelent: 1999
Tárgyszavak:
Online Access:http://diploma.bibl.u-szeged.hu/36892
LEADER 00607nta a2200157 i 4500
001 dipl36892
005 20190430081324.0
008 120221s1999 hu om 0|| zxx d
040 |a SZTE Diploma Repozitórium  |b hun 
041 |a zxx 
100 1 |a Szabó Péter 
245 1 2 |a A homecare típusú betegápolás szerepe a családorvoslásban és az egészségügyben  |h [elektronikus dokumentum] /  |c Dr. Péter Szabó 
260 |c 1999 
650 4 |a Gazdaságtudományok 
700 2 |a Halmos Miklósné Mészáros Magdolna  |e ths 
856 4 0 |u http://diploma.bibl.u-szeged.hu/id/eprint/36892/1/1999_szabo_peter.pdf  |z Dokumentum-elérés